|
|
|
|
| LEADER |
01066nam a2200265 a 4500 |
| 001 |
13920547 |
| 008 |
100222s2005 ne ae b 001 0 eng d |
| 010 |
|
|
|a 2005297374
|
| 040 |
|
|
|a TEF
|c TEF
|d OCLCQ
|d DLC
|d DB-DhAAL
|
| 020 |
|
|
|a 0750677929
|
| 020 |
|
|
|a 8181479971
|
| 020 |
|
|
|a 9788181479976
|
| 082 |
0 |
4 |
|a 004.2/2
|2 22
|
| 100 |
1 |
|
|a Noergaard, Tammy.
|
| 245 |
1 |
0 |
|a Embedded systems architecture :
|b a comprehensive guide for engineers and programmers /
|c by Tammy Noergaard.
|
| 260 |
|
|
|a Amsterdam ;
|a Boston ;
|a New Delhi :
|b Elsevier/Newnes,
|c c2005.
|
| 300 |
|
|
|a xiv, 640 :
|b ill., plans ;
|c 25 cm. +
|e 1 CD-ROM (4 3/4 in.)
|
| 490 |
0 |
|
|a Embedded technology series
|
| 504 |
|
|
|a Includes bibliographical references and index.
|
| 541 |
1 |
|
|e 00019821
|
| 650 |
|
0 |
|a Embedded computer systems.
|
| 650 |
|
0 |
|a Computer architecture.
|
| 852 |
4 |
|
|a Ayesha Abed Library
|j General Shelf.
|
| 999 |
|
|
|c 7652
|d 7652
|
| 952 |
|
|
|0 0
|1 0
|2 ddc
|4 0
|6 004_220000000000000_NOE_2005
|7 0
|9 8377
|a BRACUL
|b BRACUL
|c GEN
|d 2010-02-20
|l 1
|m 22
|o 004.22 NOE
|p 3010019821
|r 2021-02-09
|s 2020-01-22
|t 1
|w 2010-02-22
|y BK
|